Capitali dell'Oceania - Statistics

Statistiche generali
  • Questo quiz è stato fatto 4.994 volte
  • Il punteggio medio è 8 su 14
Statistiche sulle risposte
Hint Risposta % Corretto
Australia Canberra
99%
Nuova Zelanda Wellington
88%
Figi Suva
70%
Papua Nuova Guinea Port Moresby
64%
Samoa Apia
57%
Isole Salomone Honiara
53%
Micronesia Palikir
51%
Isole Marshall Majuro
50%
Vanuatu Port Vila
50%
Tuvalu Funafuti
49%
Nauru Yaren
49%
Tonga Nukuʻalofa
45%
Palau Ngerulmud
39%
Kiribati Tarawa Sud
38%
Nessun quiz corrispondente trovato
Distribuzione punteggi
Percentuale di utenti per punteggio
Percentile per numero di risposta
I tuoi punteggi nel tempo
Non hai fatto questo quiz